Conferencia Mundial sobre la Educación Superior, La educación Superior en el siglo XXI, visión y acción (París 5-9 de octubre de 1998): documento de trabajo/
Salvato in:
| Ente Autore: | |
|---|---|
| Natura: | Atti del Convegno Libro |
| Lingua: | Spanish |
| Pubblicazione: |
París, Francia
UNESCO
1998
|
| Soggetti: | |
| Tags: |
Aggiungi Tag
Nessun Tag, puoi essere il primo ad aggiungerne!!
|
MARC
| LEADER | 00000nam a22000007a 4500 | ||
|---|---|---|---|
| 003 | cru IIS | ||
| 005 | 20220524110712.0 | ||
| 008 | 220520b1998 fr ||||| |||| 00| 0 spa d | ||
| 040 | |c cruCRAI/IIS | ||
| 090 | |a 06.04.05 O68c | ||
| 111 | |9 10268 |a Oficina Regional de Educación para América Latina y el Caribe (OREALC/UNESCO) | ||
| 245 | 1 | |a Conferencia Mundial sobre la Educación Superior, La educación Superior en el siglo XXI, visión y acción (París 5-9 de octubre de 1998): |b documento de trabajo/ |c Organización de las Naciones Unidas para la Educación, la Ciencia y la Cultura | |
| 260 | |a París, Francia |b UNESCO |c 1998 | ||
| 300 | |a 66 páginas | ||
| 500 | |a Documento ED-98/CONF-202/CLD/6 París, Julio de 1998 Original Francés | ||
| 650 | 0 | 0 | |0 TESAUROS |2 OCDE |9 311 |a UNIVERSIDADES |
| 650 | 0 | 0 | |9 310 |a EDUCACION SUPERIOR |
| 650 | 0 | 0 | |9 7979 |a AUTONOMIA |
| 650 | 0 | 0 | |9 7937 |a RENDICION DE CUENTAS |
| 942 | |2 z |c LI |h 06.04.05 O68c |i 22586 |6 060405_O68C_22586 | ||
| 999 | |c 44257 |d 44257 | ||
